| 000 | 01262nam a2200325 a 4500 | ||
|---|---|---|---|
| 001 | BRCA_3089 | ||
| 005 | 20190320204115.0 | ||
| 008 | 280109s1836----fr-#---###---#000-0#fre-u | ||
| 041 | _afre | ||
| 044 | _afr | ||
| 084 |
_a396 _b.M373 _c1836 |
||
| 100 | 1 |
_aCervantes Saavedra, Miguel de _d1547-1616 _9213 |
|
| 245 | 1 | 0 |
_aHistoire de l´Incomparable Don Quichotte de la Manche _cMiguel de Cervantes Saavedra. |
| 260 |
_aParís _bMarchands des Nouveautés _c1836 |
||
| 300 |
_a4 v. _c15 cm. |
||
| 500 | _aContenido : Texto abreviado | ||
| 500 | _aEdición : Traduction nouvelle de l´Espagnol de Michel de Cervantes | ||
| 500 | _aEjemplar por completo igual al LO-395. Rústica Lúdovik Osterc | ||
| 500 | _aEstado físico : La encuadernación de esta edición es en papel y se encuentra maltratada | ||
| 500 | _aQM325B | ||
| 546 | _aTexto en : francés | ||
| 650 | 1 | 4 |
_aNovela española _yÉpoca clásica, 1500-1700 _9215 |
| 650 | 1 | 4 |
_aLiteratura española _yÉpoca clásica, 1500-1700 _9216 |
| 650 | 1 | 4 |
_aNovela española _ySiglo XVII _9217 |
| 650 | 1 | 4 |
_aDon Quijote (Personaje ficticio) _eNovela _9218 |
| 700 | 1 |
_aGrandmaison, M.G.F. de _eTraductor _98429 |
|
| 740 | 0 | _aEl Ingenioso Hidalgo Don Quijote de la Mancha | |
| 902 | _aQFM | ||
| 942 |
_2lcc _cB |
||
| 999 |
_c2825 _d2825 |
||